Les peuples de A à Z - Statistiques

Statistiques générales
  • Ce quiz a été pris 101 fois
  • Le résultat moyen est 11 sur 26
Statistiques - réponses
Première lettre Indice Réponse % Correct
F Peuple germanique qui profita de la chute de Rome pour s'emparer de la Gaule et lui donna son nom moderne. Francs
85%
I Ils vivent dans les régions arctiques, au Groenland et au Nunavut, et sont souvent représentés comme vivant dans des igloos. Inuits
83%
B Habitent à l'est des Pyrénées et leur pays est célèbre pour ses gourmandises ou son drapeau rouge, vert et blanc. Basques
81%
J Peuple très souvent associée à sa religion monothéiste, qui aurait peuplé la Judée. Juifs
80%
H Leur plus connu leader est appelé le fléau des dieux. Ils ont mené de nombreux raids en Europe au Vème siècle. Huns
77%
G Peuple celte vivant au "pays" qui porte leur nom, au sud-ouest de la Grande Bretagne. Gallois
71%
K Habitent l'Asie du sud-est, et ont possédé un empire, connu pour sa capitale Angkor construite de toute pièce constituée de temples, notamment celui d'Angkor Vat. Khmers
65%
E Peuple d'Italie centrale, et plus précisément de la côte tyrrhénienne, qui précéda les romains. Les grecs les appelaient Tyrrhéniens. Etrusques
61%
L Peuple germanique ayant donné son nom à une région d'Italie septentrionale et ayant été à la tête d'un royaume puissant en péninsule italienne. Lombards
61%
Z Tribus africaines qui connurent probablement leur apogée lorsqu'elles étaient unifiées sous Châka Zoulous
57%
O Peuple vivant actuellement au Xinjiang dont le traitement par le gouvernement en place à donné lieu à un tribunal international non officiel, qui a rapporté des preuves de tortures et de sorts abominables réservés à ce peuple. Ouïghours
55%
W Ont fondé un royaume dans la péninsule ibérique suite aux invasions barbares, royaume ayant disparu après annexion par les forces musulmanes. Wisigoths
55%
A Peuple germanique ayant donné son nom à un célèbre royaume du sud de la Grande Bretagne Angles
50%
V Peuple dit "barbare" par les romains qui a participé à la chute de ceux-ci, et ayant traversé la péninsule ibérique pour s'installer autour de l'actuelle Tunisie. Vandales
43%
P Habitants de la civilisation dont la reine Didon aurait fondé Carthage, civilisation qui dominait le commerce en Méditérannée. Phéniciens
37%
C Peuple amérindien qui eu même un empire du XVIIIème au XIXème siècle, avant d'être vaincus par les états-uniens dans les années 1870. Leur connaissance de l'équitation était l'un de leurs principaux atouts, leur ayant permis de lancer des raids extrêmement loin de leur habitat. Comanches
30%
N C'est ainsi que les romains appelaient ceux qui vivaient en l'Afrique, ils avaient un royaume au Maghreb. Numides
30%
X Peuple d'Afrique du sud qui affronta les néerlandais et les britanniques de 1779 à 1879. Une jeune adolescente de ce peuple affirma que les esprits lui avaient dit que la puissance des siens serait restaurée et les Blancs chassés si son peuple consentait à abattre tout son troupeau, à brûler ses récoltes et à détruire ses réserves alimentaires. À la date annoncée de la résurrection des morts pour la pleine lune, le 16 août 1856, la prédiction ne se réalisa pas. Une terrible famine s'abattit sur la région Xhosas
21%
D Nommés ainsi par les romains pour désigner les tribus ayant peuplé le Bas-Danube dans l'Antiquité, parfois associés aux Gètes. Daces
20%
M Peuple nomade des steppes qui s'est sédentarisé suite à sa défaite à Lechfeld en 955 contre Othon Ier le Grand, et qui a formé en l'an mil un royaume avec Étienne Ier comme roi. Magyars
19%
U Groupe d'amérindiens vivant essentiellement dans l'Utah et le Colorado, et y ayant apparemment vécu plus d'un millénaire, n'ayant pas migré. Utes
17%
Y Peuple de Sibérie s'appelant dans leur langue Sakha et vivant dans une région qui porte leur nom. Yakoutes
13%
S Peuple originaire d'Europe centrale qui a migré et participé aux invasions de Rome vers le IIIème siècle pour s'installer en Galice et y fonder un royaume, qui sera annexé par le royaume méridional au leur deux siècles plus tard. Suèves
8%
R Peuple gaulois ayant donné son nom à la ville de Reims, nom qui signifie "les premiers". Rèmes
7%
T Peuple de la côte brésilienne ayant laissé un héritage important au Brésil. Tupis
4%
Q L'un des 56 groupes ethniques reconnus de chine, vivant dans la province du Sichuan. Qiangs
2%
Aucun quiz correspondant
Distribution des résultats
% des personnes avec chaque résultat
Percentile par nombre de réponses
Votre historique - résultats
Vous n’avez pas pris ce quiz